[Event "Rio Verde U1800 op"]
[Site "Rio Verde"]
[Date "2025.01.25"]
[Round "1"]
[White "De Freitas, Elvis Souza"]
[Black "Machado Wilhelms, Guilherme"]
[Result "1-0"]
[WhiteElo "1564"]
[BlackElo "1800"]
[PlyCount "55"]
[EventDate "2025.01.25"]
[EventType "swiss"]
[EventRounds "6"]
[EventCountry "BRA"]
[SourceTitle "CB05_2025"]
[SourceDate "2025.01.29"]
[SourceVersion "1"]
[SourceVersionDate "2025.01.29"]
[SourceQuality "1"]

1. e4 d5 2. e5 Nc6 3. Nf3 Bf5 4. a3 e6 5. d4 Be7 6. Nc3 Qd7 7. Bd3 Bxd3 8. Qxd3 Nh6 9. Bxh6 gxh6 10. 0-0 0-0-0 11. Ne2 Qe8 12. b4 Qg8 13. b5 Nb8 14. a4 Qg7 15. a5 Rhg8 16. Nf4 Bg5 17. Nxg5 Qxg5 18. Qf3 Nd7 19. g3 b6 20. axb6 cxb6 21. Rxa7 Rde8 22. Rc1 f6 23. h4 Qg7 24. Nh5 Qg6 25. Nxf6 Ref8 26. c4 Kb8 27. Raa1 dxc4 28. Rxc4 1-0